[Event "9th Leiden Open A 2015"]
[Site "Leiden NED"]
[Date "2015.07.20"]
[Round "4.11"]
[White "Van Halderen, Herman"]
[Black "Palit, Somak"]
[Result "1-0"]
[BlackTitle "IM"]
[WhiteElo "2052"]
[BlackElo "2360"]
[WhiteFideId "1026682"]
[BlackFideId "5010454"]
[EventDate "2015.07.17"]

1. d4 b5 2. e4 Bb7 3. Bxb5 Bxe4 4. Nf3 e6 5. O-O Nf6 6. Nc3 Bb7 7. Re1 Be7 8.
Bf4 O-O 9. Bd3 d6 10. Ng5 Nbd7 11. Re3 h6 12. Nge4 Nxe4 13. Nxe4 f5 14. Ng3 Bg5
15. Bxg5 Qxg5 16. Rxe6 f4 17. Rg6 Qh4 18. Nf5 Rxf5 19. Bxf5 Nf8 20. Rg4 Qf6 21.
Rxf4 Kh8 22. d5 Ng6 23. Rb4 Qxf5 24. Rxb7 Rf8 25. Qd2 Nf4 26. f3 Qg5 27. Kh1 Re8
28. g3 Qxd5 29. Qxd5 Nxd5 30. c4 1-0

[Event "9th Leiden Open A 2015"]
[Site "Leiden NED"]
[Date "2015.07.20"]
[Round "4.12"]
[White "Van der Scheer, Henk"]
[Black "Visser, Henk-Jan"]
[Result "0-1"]
[WhiteElo "2049"]
[BlackElo "2272"]
[WhiteFideId "1051458"]
[BlackFideId "1010204"]
[EventDate "2015.07.17"]

1. d4 Nf6 2. Nf3 c5 3. c4 g6 4. Nc3 Bg7 5. e3 O-O 6. Be2 cxd4 7. exd4 d5 8. O-O
Nc6 9. h3 dxc4 10. Bxc4 Na5 11. Be2 Be6 12. Be3 Nd5 13. Nxd5 Bxd5 14. b3 Nc6 15.
Rc1 Rc8 16. Qd2 Rc7 17. Ne5 e6 18. Rfd1 Qa8 19. Bh6 Qd8 20. Bxg7 Kxg7 21. Qf4
Qf6 22. Nxg6 Qxg6 23. Bf1 Rfc8 24. Rc3 Kf8 25. Rg3 Qf5 26. Qd6+ Re7 27. Bd3 Qh5
28. Rg4 f5 29. Qf4 Rf7 30. Qd6+ Ne7 31. Qe5 Ng6 32. Qd6+ Kg8 33. Be2 fxg4 34.
Bxg4 Qg5 0-1

[Event "9th Leiden Open A 2015"]
[Site "Leiden NED"]
[Date "2015.07.20"]
[Round "4.13"]
[White "Bishoen, Bob"]
[Black "Johansson, Gunnar"]
[Result "0-1"]
[WhiteElo "1968"]
[BlackElo "2223"]
[WhiteFideId "1054104"]
[BlackFideId "1703501"]
[EventDate "2015.07.17"]

1. Nf3 d5 2. c4 c6 3. g3 g6 4. b3 Bg7 5. d4 Nf6 6. Bg2 O-O 7. O-O Ne4 8. Bb2 Be6
9. Nbd2 f5 10. Rc1 Nd7 11. Nxe4 fxe4 12. Ne5 Nxe5 13. dxe5 Qa5 14. cxd5 cxd5 15.
a3 Rac8 16. Qd4 Qb5 17. Qe3 Bd7 18. f3 exf3 19. exf3 e6 20. Qxa7 Qxb3 21. Qf2
Rc6 22. Rxc6 bxc6 23. Bd4 Ra8 24. Bc5 Bxe5 25. Qe2 Qc3 26. Qf2 Rxa3 27. f4 Bg7
28. Re1 Ra5 29. Bb6 Rb5 30. Be3 Rb2 31. Re2 Rb1+ 32. Bf1 d4 33. Bd2 Qa1 34. Re1
c5 35. Bc4 Rxe1+ 36. Bxe1 Kf8 37. Qe2 Ke7 38. g4 Qc1 39. Qe4 0-1

[Event "9th Leiden Open A 2015"]
[Site "Leiden NED"]
[Date "2015.07.20"]
[Round "4.14"]
[White "Sorensen, Bent"]
[Black "Ratsma, Rosa"]
[Result "1-0"]
[WhiteTitle "FM"]
[WhiteElo "2217"]
[BlackElo "2088"]
[WhiteFideId "1400410"]
[BlackFideId "1033662"]
[EventDate "2015.07.17"]

1. Nf3 Nf6 2. g3 g6 3. b3 Bg7 4. Bb2 O-O 5. c4 c5 6. Bg2 Nc6 7. O-O d6 8. d4
cxd4 9. Nxd4 Bd7 10. Nc3 Qa5 11. Nd5 Nxd5 12. Bxd5 a6 13. Nxc6 bxc6 14. Bxg7
Kxg7 15. Bg2 Qc5 16. Qd2 a5 17. Rfd1 Rfb8 18. Rab1 Ra6 19. Qc3+ Kg8 20. e4 Be6
21. Bf1 Rab6 22. Bd3 a4 23. Bc2 Qb4 24. Qe3 a3 25. Rbc1 R6b7 26. e5 d5 27. cxd5
cxd5 28. Bb1 Qb6 29. Qc5 Qxc5 30. Rxc5 Rb5 31. Rdc1 Kf8 32. Kf1 Ke8 33. Ke2 Kd8
34. Bd3 Rxc5 35. Rxc5 Ra8 36. Kd2 d4 37. Bc4 Bf5 38. Rd5+ Kc7 39. Rxd4 Ra5 40.
Rd5 Ra8 41. Kc3 h5 42. b4 h4 43. Kb3 e6 44. Rd4 hxg3 45. hxg3 g5 46. b5 Kb6 47.
Kb4 Rc8 48. Rd6+ Kb7 49. Rd7+ Kb6 50. Rxf7 Rd8 51. Re7 Rd4 52. f3 g4 53. f4 Re4
54. Rd7 Re3 55. Rd6+ Kb7 56. Kc5 Rxg3 57. b6 Rc3 58. Rd7+ Kb8 59. Kb4 Rh3 60.
Bf1 Rh8 61. Bg2 1-0

[Event "9th Leiden Open A 2015"]
[Site "Leiden NED"]
[Date "2015.07.20"]
[Round "4.15"]
[White "Kolodkin, Daniil"]
[Black "Vreeburg, Jan"]
[Result "0-1"]
[WhiteElo "2208"]
[BlackElo "1901"]
[WhiteFideId "1039776"]
[BlackFideId "1019066"]
[EventDate "2015.07.17"]

1. e4 g6 2. d4 Bg7 3. Nf3 d6 4. Nc3 Nf6 5. Be2 O-O 6. O-O e5 7. Bg5 Qe8 8. Re1
c6 9. d5 c5 10. Nd2 h6 11. Be3 Qe7 12. Nc4 Nbd7 13. Qd2 Kh7 14. a4 Nb6 15. Na3
Bd7 16. a5 Na4 17. Nxa4 Bxa4 18. f3 Bd7 19. Nc4 Ng8 20. b4 Bb5 21. bxc5 dxc5 22.
Reb1 Bxc4 23. Bxc4 Rfd8 24. Rb5 Rac8 25. Rab1 Rd7 26. Qf2 Bf8 27. Bf1 Nf6 28. g3
Rcc7 29. Bh3 Rd8 30. R1b3 Rb8 31. Rc3 b6 32. Rcb3 Rcb7 33. d6 Qxd6 34. Bxc5 Qd1+ 0-1

[Event "9th Leiden Open A 2015"]
[Site "Leiden NED"]
[Date "2015.07.20"]
[Round "4.16"]
[White "Van der Elburg, Freddie"]
[Black "Knudsen, Martin"]
[Result "1/2-1/2"]
[WhiteElo "2185"]
[BlackElo "2026"]
[WhiteFideId "1007904"]
[BlackFideId "1406523"]
[EventDate "2015.07.17"]

1. f4 d5 2. Nf3 c5 3. g3 Nc6 4. Bg2 g6 5. O-O Bg7 6. d3 Nf6 7. Qe1 O-O 8. c3 d4
9. Na3 Rb8 10. Bd2 e5 11. fxe5 Ng4 12. cxd4 cxd4 13. Bg5 Qd7 14. Rc1 Ngxe5 15.
Nxe5 Bxe5 16. Nc4 Bc7 17. Bf6 Bd8 18. Ne5 Qe6 19. Nxc6 bxc6 20. Bxd4 Qxa2 21.
Ra1 Qe6 22. Rxa7 Bb6 23. Bxb6 Rxb6 24. Qd2 Rxb2 25. Qxb2 Qe3+ 26. Kh1 Qxa7 27.
Bxc6 Bh3 28. Rb1 Qe3 29. Ra1 Qf2 30. Bf3 Re8 31. Qb7 h5 32. Qa7 Re3 33. Qd4 Kh7
34. Qd5 Be6 35. Qb7 h4 36. gxh4 Qxh4 37. Rf1 Re5 38. Qa7 Rb5 39. d4 Qh3 40. Bg2
Qe3 41. Bf3 Rf5 42. Qa1 Bc4 43. Qd1 Bb3 44. Qd3 Qxd3 45. exd3 Kg7 46. Kg2 Bc2
47. Be2 Rxf1 48. Bxf1 Kf6 49. Kf3 Ke6 50. h4 f6 51. Bh3+ Kd6 52. Ke3 Bd1 53. Bg2 1/2-1/2

[Event "9th Leiden Open A 2015"]
[Site "Leiden NED"]
[Date "2015.07.20"]
[Round "4.18"]
[White "Van der Raaf, Erik"]
[Black "Corstjens, Rolf"]
[Result "0-1"]
[WhiteElo "2110"]
[BlackElo "1953"]
[WhiteFideId "1004115"]
[BlackFideId "1045687"]
[EventDate "2015.07.17"]

1. e4 e6 2. d4 d5 3. e5 c5 4. c3 Nc6 5. Nf3 Qb6 6. Bd3 cxd4 7. cxd4 Bd7 8. O-O
Nxd4 9. Nbd2 Nxf3+ 10. Nxf3 Ne7 11. b4 Nc6 12. a3 a5 13. b5 Nd4 14. Ng5 g6 15.
Be3 Bc5 16. Rc1 Nb3 17. Rxc5 Nxc5 18. Qf3 O-O 19. Nxh7 Kxh7 20. Qh3+ Kg8 21. Bg5
f5 22. exf6 e5 23. Qh6 Rxf6 24. Bxf6 Qxf6 25. Bxg6 Qg7 26. Qh5 Ne6 27. g3 Bxb5
28. Re1 Ra6 29. Rxe5 Nf4 30. gxf4 Rxg6+ 31. Rg5 Rxg5+ 0-1

[Event "9th Leiden Open A 2015"]
[Site "Leiden NED"]
[Date "2015.07.20"]
[Round "4.21"]
[White "Hawkins, James N H"]
[Black "Oosterom, Erik"]
[Result "0-1"]
[WhiteElo "1942"]
[BlackElo "2043"]
[WhiteFideId "409928"]
[BlackFideId "1003470"]
[EventDate "2015.07.17"]

1. d4 d5 2. Nf3 Nf6 3. e3 Bf5 4. Nbd2 e6 5. Be2 h6 6. O-O Nbd7 7. b3 Bd6 8. Bb2
O-O 9. Ne5 c5 10. f4 cxd4 11. exd4 Rc8 12. c4 dxc4 13. Ndxc4 Nb6 14. Ne3 Be4 15.
Bf3 Nbd5 16. Nxd5 exd5 17. Rf2 Qe7 18. Bxe4 Nxe4 19. Rc2 Qh4 20. Nd3 Bxf4 21.
Nxf4 Qxf4 22. Bc1 Qf5 23. Be3 Rxc2 24. Qxc2 Rc8 25. Qd3 Nd6 26. Qxf5 Nxf5 27.
Rc1 Rxc1+ 28. Bxc1 Nxd4 29. Kf2 f5 30. Ke3 Ne6 0-1

[Event "9th Leiden Open A 2015"]
[Site "Leiden NED"]
[Date "2015.07.20"]
[Round "4.22"]
[White "Brantjes, Yme"]
[Black "Van Briemen, Willem"]
[Result "0-1"]
[WhiteElo "1937"]
[BlackElo "2041"]
[WhiteFideId "1039539"]
[BlackFideId "1026445"]
[EventDate "2015.07.17"]

1. e4 e6 2. d4 d5 3. Nc3 Bb4 4. exd5 exd5 5. Bd3 Nc6 6. a3 Bxc3+ 7. bxc3 Nge7 8.
Qf3 Be6 9. Ne2 Qd7 10. O-O Bf5 11. Ng3 Bxd3 12. cxd3 O-O 13. h4 Rfe8 14. h5 h6
15. a4 Na5 16. Ba3 b6 17. Rfe1 Rad8 18. Ra2 Nc8 19. Rae2 Rxe2 20. Rxe2 Qxa4 21.
Bb4 Nb7 22. Nf5 Nbd6 23. Bxd6 Nxd6 24. Re7 Nxf5 25. Qxf5 Rf8 26. Rxc7 a5 27. c4
dxc4 28. dxc4 Qd1+ 29. Kh2 Qxd4 30. Rc8 Qd6+ 31. Kg1 Qd1+ 32. Kh2 Qd6+ 33. Kg1
Rd8 34. c5 bxc5 35. Rxc5 a4 36. Ra5 Qb4 37. g3 a3 38. Ra7 Qb3 39. Qa5 Rd1+ 40.
Kg2 Qd3 41. Qc5 Qe4+ 42. f3 Qe2+ 43. Qf2 Qd3 44. Qc5 Qf1+ 0-1

[Event "9th Leiden Open A 2015"]
[Site "Leiden NED"]
[Date "2015.07.20"]
[Round "4.24"]
[White "Den Hartog, Marijn"]
[Black "Van der Meer, Kees"]
[Result "1-0"]
[WhiteElo "2088"]
[BlackElo "2038"]
[WhiteFideId "1046098"]
[BlackFideId "1007793"]
[EventDate "2015.07.17"]

1. e4 c5 2. Nf3 Nc6 3. d4 cxd4 4. Nxd4 e6 5. Nc3 Qc7 6. Be3 a6 7. Qf3 Ne5 8. Qg3
h5 9. O-O-O h4 10. Qh3 b5 11. f4 Nc4 12. Bxc4 Qxc4 13. Rhf1 Bb7 14. f5 e5 15.
Nb3 Qc7 16. Kb1 Rc8 17. f6 Nxf6 18. Rxf6 gxf6 19. Bb6 1-0

[Event "9th Leiden Open A 2015"]
[Site "Leiden NED"]
[Date "2015.07.21"]
[Round "5.1"]
[White "Van der Marel, Lambertus"]
[Black "Howell, David W L"]
[Result "0-1"]
[BlackTitle "GM"]
[WhiteElo "2161"]
[BlackElo "2698"]
[WhiteFideId "1005855"]
[BlackFideId "410608"]
[EventDate "2015.07.17"]

1. b3 e5 2. Bb2 Nc6 3. e3 d5 4. Bb5 Bd6 5. f4 f6 6. fxe5 fxe5 7. Nf3 Nh6 8. O-O
O-O 9. Bxc6 bxc6 10. Nxe5 Bf5 11. Qh5 Bxe5 12. Bxe5 Bg4 13. Rxf8+ Kxf8 14. Bxg7+
Kxg7 15. Qe5+ Qf6 16. Qxc7+ Kh8 17. Nc3 Rf8 18. Qg3 Bh5 19. h3 Bg6 20. Rc1 d4
21. Ne2 Nf5 22. Qf4 dxe3 23. dxe3 Qe7 24. Rf1 Re8 25. Rf3 Nxe3 26. Qd4+ Qg7 27.
c3 Nxg2 0-1

[Event "9th Leiden Open A 2015"]
[Site "Leiden NED"]
[Date "2015.07.21"]
[Round "5.2"]
[White "Postny, Evgeny"]
[Black "Chatalbashev, Boris"]
[Result "1-0"]
[WhiteTitle "GM"]
[BlackTitle "GM"]
[WhiteElo "2642"]
[BlackElo "2516"]
[WhiteFideId "2804344"]
[BlackFideId "2900440"]
[EventDate "2015.07.17"]

1. d4 Nf6 2. c4 c5 3. d5 g6 4. Nc3 Bg7 5. e4 O-O 6. Nf3 e6 7. e5 Ng4 8. Ng5 Nxe5
9. f4 f6 10. Nge4 Nf7 11. Nxc5 Qe7 12. Be3 f5 13. Qd2 Bxc3 14. Qxc3 exd5 15.
O-O-O b6 16. Nb3 Bb7 17. Re1 Na6 18. Bc5 d4 19. Bxe7 dxc3 20. Bxf8 cxb2+ 21.
Kxb2 Kxf8 22. h4 Rc8 23. h5 Nc5 24. hxg6 hxg6 25. Nxc5 Rxc5 26. Rh3 Be4 27. Rd1
d6 28. Ra3 Rc7 29. g3 Ke7 30. Bd3 Bxd3 31. Rdxd3 Nh6 32. Ra6 Ng4 33. Rda3 Rxc4
34. Rxa7+ Ke6 35. Rg7 Kf6 36. Raa7 Nf2 37. Rae7 1-0

[Event "9th Leiden Open A 2015"]
[Site "Leiden NED"]
[Date "2015.07.21"]
[Round "5.3"]
[White "Milov, Leonid"]
[Black "Tiviakov, Sergei"]
[Result "1/2-1/2"]
[WhiteTitle "GM"]
[BlackTitle "GM"]
[WhiteElo "2462"]
[BlackElo "2639"]
[WhiteFideId "14101068"]
[BlackFideId "1008013"]
[EventDate "2015.07.17"]

1. e4 e6 2. d4 d5 3. Nc3 Nf6 4. e5 Nfd7 5. Nf3 c5 6. Ne2 cxd4 7. Nexd4 Nc6 8.
Bf4 Be7 9. c3 g5 10. Nxg5 Nxd4 11. Nxf7 Nc2+ 12. Kd2 Qb6 13. Kxc2 Qxf2+ 14. Be2
Qxf4 15. Nxh8 Qxe5 16. Bh5+ Kf8 17. Qg4 Qf5+ 18. Qxf5+ exf5 19. Rae1 Nf6 20. Bf7
Bd8 21. Rhf1 Kg7 22. Be6 Bxe6 23. Rxe6 Kxh8 24. Rxf5 Kg7 25. h3 1/2-1/2

[Event "9th Leiden Open A 2015"]
[Site "Leiden NED"]
[Date "2015.07.21"]
[Round "5.4"]
[White "Nikolic, Predrag"]
[Black "Van Overdam, Julian"]
[Result "1-0"]
[WhiteTitle "GM"]
[WhiteElo "2601"]
[BlackElo "2367"]
[WhiteFideId "14400014"]
[BlackFideId "1015303"]
[EventDate "2015.07.17"]

1. d4 Nf6 2. Nf3 e6 3. c4 d5 4. Bg5 dxc4 5. Nc3 c6 6. e4 b5 7. e5 h6 8. Bh4 g5
9. Nxg5 hxg5 10. Bxg5 Be7 11. exf6 Bxf6 12. Bxf6 Qxf6 13. g3 O-O 14. Bg2 Ba6 15.
O-O Qg7 16. Re1 b4 17. Ne4 Rd8 18. Qa4 Rxd4 19. Rad1 Rd5 20. Qxb4 Nd7 21. Qa3
Bc8 22. Nd6 Nb6 23. Ne8 Qf8 24. Nf6+ Kg7 25. Qc3 Na4 26. Ne8+ Kg8 27. Qxc4 Qxe8
28. Qxa4 Rxd1 29. Rxd1 Bb7 30. Qh4 Qf8 31. Rd7 Ba6 32. Be4 Qg7 33. Rd8+ Rxd8 34.
Qxd8+ Qf8 35. Qxf8+ Kxf8 36. Bxc6 Ke7 37. f4 Bd3 38. Kf2 Kd6 39. Be8 Bg6 40. g4
Ke7 41. Bb5 f6 42. Ke3 1-0

[Event "9th Leiden Open A 2015"]
[Site "Leiden NED"]
[Date "2015.07.21"]
[Round "5.5"]
[White "Das, Arghyadip"]
[Black "Gindi, Shachar"]
[Result "1-0"]
[WhiteTitle "IM"]
[BlackTitle "FM"]
[WhiteElo "2457"]
[BlackElo "2336"]
[WhiteFideId "5003610"]
[BlackFideId "2804182"]
[EventDate "2015.07.17"]

1. e4 c5 2. Nc3 Nc6 3. Bb5 Nd4 4. Nf3 g6 5. Bc4 Bg7 6. Nxd4 cxd4 7. Qf3 Nh6 8.
Ne2 O-O 9. d3 Ng4 10. Bb3 Ne5 11. Qg3 Qb6 12. h4 d5 13. Bxd5 Bg4 14. f3 Be6 15.
Bxe6 Qxe6 16. O-O Rac8 17. Nxd4 Qb6 18. Be3 Nxf3+ 19. Nxf3 Qxe3+ 20. Qf2 Qxf2+
21. Rxf2 Bxb2 22. Rb1 Ba3 23. Rxb7 Rb8 24. Rb3 Rxb3 25. axb3 e5 26. Kf1 Bb2 27.
c4 Ba1 28. Ra2 Bc3 29. Rc2 Bb4 30. Nxe5 f5 31. exf5 Rxf5+ 32. Nf3 Ra5 33. d4 Kf7
34. c5 Ke8 35. Rc4 Ra1+ 36. Ke2 a5 37. Ne5 Ra2+ 38. Kf3 Rb2 39. c6 Rxb3+ 40. Ke4 1-0

[Event "9th Leiden Open A 2015"]
[Site "Leiden NED"]
[Date "2015.07.21"]
[Round "5.6"]
[White "Pijpers, Arthur"]
[Black "De Jong, Jan-Willem"]
[Result "1/2-1/2"]
[BlackTitle "IM"]
[WhiteElo "2433"]
[BlackElo "2448"]
[WhiteFideId "1019554"]
[BlackFideId "1008641"]
[EventDate "2015.07.17"]

1. e4 d6 2. d4 Nf6 3. Nc3 e5 4. Nf3 Nbd7 5. Bc4 Be7 6. a4 O-O 7. O-O a6 8. a5
exd4 9. Qxd4 b5 10. axb6 Nxb6 11. Re1 Bb7 12. Ba2 Nfd7 13. Nd5 Nxd5 14. Bxd5 Bf6
15. Qd1 c6 16. Bc4 Nc5 17. Bf4 d5 18. exd5 cxd5 19. Bf1 Bxb2 20. Rb1 Bc3 21. Bd2
Bxd2 22. Qxd2 Re8 23. Rxe8+ Qxe8 24. Qa5 Qe7 25. Nd4 g6 26. Qb6 Rc8 27. g3 Kg7
28. h4 Qf6 29. Qxf6+ Kxf6 30. Rb6+ Kg7 31. Nb3 Nxb3 32. cxb3 Rc7 33. Bxa6 Bxa6
34. Rxa6 Rb7 35. Ra5 h5 36. Rxd5 Rxb3 1/2-1/2

[Event "9th Leiden Open A 2015"]
[Site "Leiden NED"]
[Date "2015.07.21"]
[Round "5.7"]
[White "Corstjens, Rolf"]
[Black "Erwich, Frank"]
[Result "0-1"]
[BlackTitle "FM"]
[WhiteElo "1953"]
[BlackElo "2361"]
[WhiteFideId "1045687"]
[BlackFideId "1007076"]
[EventDate "2015.07.17"]

1. e4 e5 2. Nf3 Nc6 3. Bb5 a6 4. Ba4 Nge7 5. O-O g6 6. c3 Bg7 7. d4 exd4 8. cxd4
b5 9. Bc2 d5 10. Nc3 Bg4 11. Be3 O-O 12. h3 Bxf3 13. Qxf3 Nxd4 14. Bxd4 Bxd4 15.
Rad1 Bxc3 16. bxc3 c6 17. exd5 Nxd5 18. Bb3 Qa5 19. Bxd5 cxd5 20. Qxd5 Qxc3 21.
Rc1 Qa3 22. Rc2 Rad8 23. Qg5 Rd4 24. Rfc1 Qd6 25. Rc6 Rd1+ 26. Rxd1 Qxc6 27. Rd8
Rxd8 28. Qxd8+ Kg7 29. Qa5 h5 30. g3 Qe6 31. a3 Qc6 32. h4 Qb7 33. Qc3+ Kh7 34.
Qa5 Qc6 35. Kh2 Qc2 36. Kg1 Qb1+ 37. Kh2 Qf1 38. Qb6 a5 39. Qa7 Kg8 40. Qb8+ Kg7
41. Qe5+ Kh7 42. Qf6 Qc4 43. f3 b4 44. axb4 axb4 45. g4 hxg4 46. fxg4 Qe6 47.
Qd4 Qe2+ 48. Kg3 Qe1+ 49. Kg2 Qe2+ 50. Kg3 b3 51. h5 gxh5 52. gxh5 Qxh5 53. Qc3
Qg6+ 54. Kf4 Qc2 55. Qh3+ Kg8 56. Qg3+ Kf8 57. Qh3 Qc4+ 58. Kg5 Qd5+ 59. Kh4
Qe4+ 60. Kg5 Qe5+ 0-1

[Event "9th Leiden Open A 2015"]
[Site "Leiden NED"]
[Date "2015.07.21"]
[Round "5.8"]
[White "Visser, Henk-Jan"]
[Black "Polak, Alexander"]
[Result "1/2-1/2"]
[WhiteElo "2272"]
[BlackElo "2114"]
[WhiteFideId "1010204"]
[BlackFideId "1039695"]
[EventDate "2015.07.17"]

1. e4 c6 2. d4 d5 3. e5 Bf5 4. Nf3 e6 5. Be2 c5 6. Be3 cxd4 7. Nxd4 Ne7 8. Nd2
Nbc6 9. N2f3 Be4 10. O-O Ng6 11. Nxc6 bxc6 12. Ng5 Be7 13. Nxe4 dxe4 14. Qd4 Qd5
15. Qc3 O-O 16. Rfd1 Qxe5 17. Bd4 Qg5 18. Qxc6 e5 19. Be3 Nf4 20. Bf1 Qg4 21.
Kh1 Ne6 22. h3 Qg6 23. Ba6 Rad8 24. c3 Nc5 25. Qxg6 hxg6 26. Bf1 Na4 27. Bxa7
Nxb2 28. Rxd8 Rxd8 29. Bb5 Rd2 30. Kg1 Rc2 31. a4 Rxc3 32. a5 Rb3 33. a6 Rxb5
34. Bd4 Rb8 35. Bxe5 Ra8 36. Bxb2 Bc5 37. Kf1 Kf8 38. Ke2 Bb6 39. Bc1 Ke7 40.
Be3 Bc7 41. a7 Be5 42. Ra4 f5 43. g3 Kd7 44. Rc4 Kd6 45. h4 Kd5 46. Rc2 Kd6 47.
Kd1 Kd7 48. Kc1 Kd6 49. Kb1 Kd7 50. Rc4 Kd6 51. Kc2 Kd5 52. Kb3 Bd6 53. Rc2 f4
54. Rd2+ Kc6 55. Rxd6+ Kxd6 56. Bxf4+ Kd5 57. Bb8 Kd4 58. Kc2 e3 59. f3 e2 60.
Kd2 e1=Q+ 61. Kxe1 Ke3 62. f4 Kf3 63. Kd2 Kxg3 64. Ke3 Kxh4 65. Kf3 Kh3 66. Ke3
Kg4 67. Ke4 g5 68. fxg5 Kxg5 69. Kd5 1/2-1/2

[Event "9th Leiden Open A 2015"]
[Site "Leiden NED"]
[Date "2015.07.21"]
[Round "5.9"]
[White "Wilschut, Peter"]
[Black "Van Halderen, Herman"]
[Result "1-0"]
[WhiteElo "2238"]
[BlackElo "2052"]
[WhiteFideId "1007165"]
[BlackFideId "1026682"]
[EventDate "2015.07.17"]

1. c4 e5 2. Nc3 Nf6 3. Nf3 Nc6 4. e3 Bb4 5. Qc2 Bxc3 6. bxc3 O-O 7. e4 d6 8. d3
h6 9. h3 Qe7 10. Be3 Nd8 11. g3 Ne6 12. Bg2 Nc5 13. O-O Bd7 14. Rab1 b6 15. Nh4
Rae8 16. Rfe1 Qd8 17. Bxc5 dxc5 18. Rbd1 Qc8 19. Kh2 Nh7 20. Qe2 Ng5 21. f4 Nh7
22. fxe5 Ng5 23. Qf1 Rxe5 24. d4 Ree8 25. Nf5 f6 26. h4 Nf7 27. Qf4 g5 28. Qf3
Bxf5 29. exf5 Kg7 30. Bh3 Qa6 31. Qh5 Qxa2+ 32. Bg2 Rxe1 33. Qg6+ Kh8 34. Qxf6+
Kg8 35. Qg6+ Kh8 36. Qf6+ Kg8 37. Qg6+ Kh8 38. Rxe1 Qxc4 39. Qf6+ Kg8 40. Qg6+
Kh8 41. f6 Rg8 42. Re8 1-0

[Event "9th Leiden Open A 2015"]
[Site "Leiden NED"]
[Date "2015.07.21"]
[Round "5.10"]
[White "Johansson, Gunnar"]
[Black "Dellert, Lena"]
[Result "1/2-1/2"]
[WhiteElo "2223"]
[BlackElo "1835"]
[WhiteFideId "1703501"]
[BlackFideId "12991511"]
[EventDate "2015.07.17"]

1. d4 f5 2. Nc3 d5 3. Bf4 a6 4. e3 Nf6 5. Nf3 e6 6. Bd3 c5 7. dxc5 Bxc5 8. O-O
Nc6 9. Ne2 O-O 10. Ned4 Bd7 11. c4 Qe7 12. Rc1 Rac8 13. cxd5 Nxd5 14. Bg3 Bd6
15. Bxd6 Qxd6 16. Nb3 Ne5 17. Be2 Rxc1 18. Qxc1 Rc8 19. Qd2 Nc4 20. Bxc4 Rxc4
21. Rc1 Rxc1+ 22. Qxc1 b6 23. h4 e5 24. Qc4 b5 25. Qc5 Qxc5 26. Nxc5 e4 27. Nxd7
exf3 28. gxf3 Kf7 29. a3 a5 30. Ne5+ Ke6 31. Nc6 Kd6 32. Nxa5 Kc5 33. Nb7+ Kb6
34. Nd6 g6 35. Nf7 Kc5 36. Kf1 Kc4 37. e4 fxe4 38. fxe4 Nf4 39. e5 Kd5 40. Nd6
Kc6 41. b3 Nd3 42. Nf7 Kd5 43. Ke2 Nc1+ 44. Kd2 Nxb3+ 45. Kc3 Nd4 46. Ng5 Kxe5
47. Nxh7 Nf5 48. Kb4 Nxh4 49. Kxb5 Nf5 50. a4 Nd6+ 51. Kc5 Nb7+ 52. Kb6 Nd6 53.
Ng5 Kf4 54. Ne6+ Kf3 55. Kc5 Nb7+ 56. Kb6 Nd6 57. Kc5 Nb7+ 58. Kb6 Nd6 1/2-1/2

[Event "9th Leiden Open A 2015"]
[Site "Leiden NED"]
[Date "2015.07.21"]
[Round "5.11"]
[White "Vreeburg, Jan"]
[Black "Sorensen, Bent"]
[Result "1/2-1/2"]
[BlackTitle "FM"]
[WhiteElo "1901"]
[BlackElo "2217"]
[WhiteFideId "1019066"]
[BlackFideId "1400410"]
[EventDate "2015.07.17"]

1. d4 e6 2. c4 Bb4+ 3. Bd2 Bxd2+ 4. Qxd2 Nf6 5. Nc3 d6 6. Nf3 O-O 7. g3 Qe7 8.
Bg2 e5 9. O-O e4 10. Ng5 Bf5 11. Qf4 Bg6 12. Ngxe4 Nxe4 13. Bxe4 Nc6 14. Bxg6
hxg6 15. Rfe1 g5 16. Qd2 Qf6 17. Rad1 Ne7 18. Ne4 Qe6 19. Nxg5 Qxc4 20. b3 Qb5
21. h4 Qd7 22. Qd3 g6 23. d5 Nf5 24. e4 Ng7 25. e5 dxe5 26. Ne4 Ne8 27. Nc5 Qd6
28. Qc3 b6 29. Ne4 Qe7 30. Ng5 Qf6 31. Qxe5 Qxe5 32. Rxe5 f6 33. Re6 fxg5 34.
Rxg6+ Kf7 35. Rxg5 Rd8 36. Rf5+ Kg7 37. Rg5+ Kh6 38. g4 Nf6 39. f3 c6 40. d6 Nd5
41. Rh5+ Kg6 42. Rg5+ Kf6 43. Re1 Rxd6 44. Kf2 Ne7 45. Rge5 Ng6 46. Rf5+ Kg7 47.
Rxf8 Kxf8 48. Kg3 c5 49. h5 Nh8 50. g5 b5 51. Re5 Rc6 52. g6 Nxg6 1/2-1/2

[Event "9th Leiden Open A 2015"]
[Site "Leiden NED"]
[Date "2015.07.21"]
[Round "5.12"]
[White "Happel, Henk"]
[Black "Petrov, Marian"]
[Result "0-1"]
[WhiteTitle "FM"]
[BlackTitle "GM"]
[WhiteElo "2107"]
[BlackElo "2487"]
[WhiteFideId "1001078"]
[BlackFideId "2901773"]
[EventDate "2015.07.17"]

1. d4 c5 2. d5 g6 3. c4 Bg7 4. e4 d6 5. Nf3 e5 6. Nc3 Ne7 7. Bd3 h6 8. h4 Nd7 9.
Qc2 Nf6 10. Bd2 Nh5 11. g3 f5 12. O-O-O O-O 13. Nh2 a6 14. Rhg1 b5 15. cxb5 axb5
16. Bxb5 fxe4 17. Be3 Nf5 18. g4 Nd4 19. Bxd4 exd4 20. gxh5 dxc3 21. Rxg6 Bf5
22. Rxg7+ Kxg7 23. Qxc3+ Kh7 24. Rg1 Rf7 25. a4 Qxh4 26. Nf1 Qxf2 27. Qe3 Qf3
28. Rg3 Qxh5 29. Bc6 Raf8 30. a5 Ra7 31. b4 Rb8 32. bxc5 Rxa5 33. Rg7+ Kxg7 34.
Qc3+ Kg6 35. Qxa5 Qe2 0-1

[Event "9th Leiden Open A 2015"]
[Site "Leiden NED"]
[Date "2015.07.21"]
[Round "5.13"]
[White "Oosterom, Erik"]
[Black "Van Delft, Merijn"]
[Result "0-1"]
[BlackTitle "IM"]
[WhiteElo "2043"]
[BlackElo "2428"]
[WhiteFideId "1003470"]
[BlackFideId "1004670"]
[EventDate "2015.07.17"]

1. Nf3 Nf6 2. c4 g6 3. Nc3 Bg7 4. e4 d6 5. d4 O-O 6. Be2 e5 7. O-O Nc6 8. d5 Ne7
9. Ne1 Nd7 10. Nd3 f5 11. Bd2 Nf6 12. f3 Kh8 13. g4 c6 14. Kh1 b5 15. g5 Nh5 16.
cxb5 cxd5 17. exd5 f4 18. Nb4 Nf5 19. Ne4 Qd7 20. Nf2 Nfg3+ 21. hxg3 Nxg3+ 22.
Kg2 Qf5 23. Ne4 Nxe4 24. fxe4 Qxg5+ 25. Kh2 Qg3+ 26. Kh1 g5 27. Rc1 Rf6 0-1

[Event "9th Leiden Open A 2015"]
[Site "Leiden NED"]
[Date "2015.07.21"]
[Round "5.14"]
[White "Overeem, Marc"]
[Black "Vistisen, Lars"]
[Result "1-0"]
[WhiteTitle "FM"]
[WhiteElo "2216"]
[BlackElo "2159"]
[WhiteFideId "1004972"]
[BlackFideId "1404598"]
[EventDate "2015.07.17"]

1. c4 e5 2. Nc3 Nf6 3. Nf3 d6 4. d4 Nbd7 5. e4 c6 6. Be2 Be7 7. O-O O-O 8. Re1
Re8 9. Bf1 Qc7 10. h3 Nf8 11. d5 Bd7 12. Be3 Rac8 13. Rc1 cxd5 14. cxd5 Qb8 15.
Qb3 Bd8 16. Qa3 a6 17. Nd2 Bc7 18. b4 Qa8 19. Nc4 b5 20. Na5 Kh8 21. Nc6 Bxc6
22. dxc6 Bd8 23. Qb3 Ne6 24. a4 Rxc6 25. axb5 Rc8 26. bxa6 Nxe4 27. Nxe4 Rxc1
28. Bxc1 d5 29. Nd6 Nd4 30. Qg3 Re6 31. Rxe5 1-0